| 000 | 00430nam a22001697a 4500 | ||
|---|---|---|---|
| 005 | 20180615114123.0 | ||
| 008 | 160526b xxu||||| |||| 00| 0 eng d | ||
| 020 | _a81-259-1085-9 | ||
| 041 | _aeng | ||
| 082 |
_b5162 _a657.42 |
||
| 100 |
_aBhattacharya, S.K. and Others _91291 |
||
| 245 | _aCosting for Management | ||
| 260 |
_aNew Delhi _bAcademic Faundation _c2002 |
||
| 300 | _a291 | ||
| 650 |
_aManagement _9241 |
||
| 942 | _cBK | ||
| 999 |
_c1801 _d1800 |
||